| 000 | 00532nam a2200169 a 4500 | ||
|---|---|---|---|
| 005 | 20210223120619.0 | ||
| 008 | 991125s1977 mx 000 0 spa u | ||
| 035 | _aUPN01000004262 | ||
| 049 | _aCG | ||
| 050 | 4 |
_aF1391 A4 _bR3.3 |
|
| 100 | 1 | _aRamos Hernández, Marcelino O. | |
| 245 | 1 | 0 |
_aApuntes históricos y geográficos del Municipio de Alvarado / _cMarcelino O. Ramos Hernández. |
| 260 |
_aXalapa : _bGobierno del Estado, _c1977. |
||
| 300 | _a193, [41] p. | ||
| 651 | 4 |
_aALVARADO, VERACRUZ - _xHISTORIA _92651 |
|
| 905 | _aLibro | ||
| 999 |
_c4262 _d4262 |
||